Quiz sur le film Harry Potter et l'Ordre du Phénix - Statistiques

Statistiques générales
  • Ce quiz a été pris 69 fois
    56 depuis la dernière actualisation
  • Le résultat moyen est 11 sur 22
Statistiques - réponses
Information Réponse % Correct
Actrice (HG) Emma Watson
88%
Acteur (HP) Daniel Radcliffe
82%
Acteur (RW) Rupert Grint
79%
Année de sortie 2007
76%
Acteur (AD) Michael Gambon
62%
Acteur (V) Ralph Fiennes
62%
Acteur (NL) Matthew Lewis
59%
Réalisateur David Yates
56%
Distributeur Warner Bros
56%
Actrice (GW) Bonnie Wright
53%
Titre original Harry Potter and the Ordrer of the Phoenix
53%
Actrice (BL) Helena Bonham Carter
53%
Actrice (LL) Evanna Lynch
50%
Acteur (SB) Gary Oldman
47%
Actrice (DO) Imelda Staunton
44%
Scénariste Michael Goldenberg ( D'après le livre de JK Rowling)
41%
Durée 133 minutes
29%
Producteur David Heyman et David Barron
24%
Musiques Nicholas Hooper
18%
Acteur (CF) Robert Hardy
15%
Budget 150 000 000 $
12%
Entrée au box office (France) 6 187 010 entrées
9%
Aucun quiz correspondant
Distribution des résultats
% des personnes avec chaque résultat
Percentile par nombre de réponses
Votre historique - résultats
Vous n’avez pas pris ce quiz depuis la dernière actualisation